| 000 | 03831nam a22006495i 4500 | ||
|---|---|---|---|
| 001 | 978-3-319-66845-1 | ||
| 003 | DE-He213 | ||
| 005 | 20210118132108.0 | ||
| 007 | cr nn 008mamaa | ||
| 008 | 170826s2017 gw | s |||| 0|eng d | ||
| 020 |
_a9783319668451 _9978-3-319-66845-1 |
||
| 024 | 7 |
_a10.1007/978-3-319-66845-1 _2doi |
|
| 050 | 4 | _aQA76.758 | |
| 072 | 7 |
_aUMZ _2bicssc |
|
| 072 | 7 |
_aCOM051230 _2bisacsh |
|
| 072 | 7 |
_aUMZ _2thema |
|
| 082 | 0 | 4 |
_a005.1 _223 |
| 245 | 1 | 0 |
_aIntegrated Formal Methods _h[electronic resource] : _b13th International Conference, IFM 2017, Turin, Italy, September 20-22, 2017, Proceedings / _cedited by Nadia Polikarpova, Steve Schneider. |
| 250 | _a1st ed. 2017. | ||
| 264 | 1 |
_aCham : _bSpringer International Publishing : _bImprint: Springer, _c2017. |
|
| 300 |
_aXXI, 438 p. 109 illus. _bonline resource. |
||
| 336 |
_atext _btxt _2rdacontent |
||
| 337 |
_acomputer _bc _2rdamedia |
||
| 338 |
_aonline resource _bcr _2rdacarrier |
||
| 347 |
_atext file _bPDF _2rda |
||
| 490 | 1 |
_aProgramming and Software Engineering ; _v10510 |
|
| 520 | _aThis book constitutes the refereed proceedings of the 13th International Conference on Integrated Formal Methods, IFM 2017, held in Turin, Italy, in September 2017. The 24 full papers and 4 short papers presented were carefully reviewed and selected from 61 submissions. They are organized in topical sections on cyber-physical systems, software verification tools, safety-critical systems, concurrency and distributed systems, program verification techniques, formal modeling, and verified software. | ||
| 650 | 0 | _aSoftware engineering. | |
| 650 | 0 | _aProgramming languages (Electronic computers). | |
| 650 | 0 | _aComputers. | |
| 650 | 0 | _aComputer organization. | |
| 650 | 0 | _aArtificial intelligence. | |
| 650 | 1 | 4 |
_aSoftware Engineering. _0http://scigraph.springernature.com/things/product-market-codes/I14029 |
| 650 | 2 | 4 |
_aProgramming Languages, Compilers, Interpreters. _0http://scigraph.springernature.com/things/product-market-codes/I14037 |
| 650 | 2 | 4 |
_aTheory of Computation. _0http://scigraph.springernature.com/things/product-market-codes/I16005 |
| 650 | 2 | 4 |
_aComputer Systems Organization and Communication Networks. _0http://scigraph.springernature.com/things/product-market-codes/I13006 |
| 650 | 2 | 4 |
_aArtificial Intelligence. _0http://scigraph.springernature.com/things/product-market-codes/I21000 |
| 650 | 2 | 4 |
_aThe Computing Profession. _0http://scigraph.springernature.com/things/product-market-codes/I24075 |
| 700 | 1 |
_aPolikarpova, Nadia. _eeditor. _0(orcid)0000-0001-5571-173X _1https://orcid.org/0000-0001-5571-173X _4edt _4http://id.loc.gov/vocabulary/relators/edt |
|
| 700 | 1 |
_aSchneider, Steve. _eeditor. _0(orcid)0000-0001-8365-6993 _1https://orcid.org/0000-0001-8365-6993 _4edt _4http://id.loc.gov/vocabulary/relators/edt |
|
| 710 | 2 | _aSpringerLink (Online service) | |
| 773 | 0 | _tSpringer eBooks | |
| 776 | 0 | 8 |
_iPrinted edition: _z9783319668444 |
| 776 | 0 | 8 |
_iPrinted edition: _z9783319668468 |
| 830 | 0 |
_aProgramming and Software Engineering ; _v10510 |
|
| 856 | 4 | 0 | _uhttps://doi.org/10.1007/978-3-319-66845-1 |
| 912 | _aZDB-2-SCS | ||
| 912 | _aZDB-2-LNC | ||
| 999 |
_c448060 _d448060 |
||
| 942 | _cEB | ||
| 506 | _aAvailable to subscribing member institutions only. Доступно лише організаціям членам підписки. | ||
| 506 | _fOnline access from local network of NaUOA. | ||
| 506 | _fOnline access with authorization at https://link.springer.com/ | ||
| 506 | _fОнлайн-доступ з локальної мережі НаУОА. | ||
| 506 | _fОнлайн доступ з авторизацією на https://link.springer.com/ | ||